000 00373nam a2200169Ia 4500
001 32504
003 IN-NITTTR
005 20251114233434.0
008 251113s9999||||xx |||||||||||||| ||eng||
040 _beng
040 _cIN-NITTTR
041 _aeng
082 _aTJ820
100 _aBreeze, Paul
245 0 _aWind Power Generation /
_cBreeze, Paul
942 _2ddc
_cBK
999 _c35437
_d35437